000 005920000a22001930004500
003 LK-CoMWRAF
005 20231020133500.0
008 230817t1998 ||||| |||| 00| 0 eng d
020 _a0722537670
040 _aLK-CoMWRAF
_dLK-CoMWRAF
_eLK-CoMWRAF
041 _aeng
082 _a158.9
_bOCO
100 _aO'Connor, Joseph
245 _aLeading With NLP:
_bEssential Leadership Skills for Influencing and Managing People
260 _aLondon:
_bThorsons,
_c1998
300 _axv,230 p. : ill. ; 22cm.
_bBibliography and index included
650 _aNeurolinguistic programming;
942 _cBK
999 _c727
_d727